LEADER 00601nam a2200169 i 4500 001 000000230450 003 CaOOAMICUS 005 20140609000000.0 008 140609s1839 it u000 u fre u 013 $a209352 040 $aSeMil$bita 245 10$aTome 2., 1. partie. 300 $a313 p. 773 0 $aStrauß, David Friedrich <1808-1874>$tVie de Jésus, ou Examen critique de son histoire.$dParis : Ladrange, 1839$g2$w()29649 850 $aSeMil 852 $aSeMil$W1$xVenegono$y1$m2X IV 18 FA$j180796$B180796$CSeMilBibl$Z2$F191698 $8I 996 $6245$aTome 2., 1. partie$9(OLS)http://semarc/title/317134 LEADER 00778nam a2200181 i 4500 001 000000242647 003 CaOOAMICUS 005 20150610000000.0 008 150610s1809 it u000 u ita u 013 $a221552 026 $asier nala l-so (IDe (3) 1809 (A) 040 $aSeMil$bita 245 10$aTomo 3. 300 $a[2], 252 p. 773 0 $tSoliloqui divotissimi di N. S. Gesù Cristo proposti per esercizio di affettuosa orazione particolarmente nell'assistenza al sacrificio della Santa Messa. Traduzione dal francese di Francesco Pertusati. Tomo 1. [-4.].$dMilano : Presso Pirotta e Maspero, 1809.$g3$w()32024 850 $aSeMil 852 $aSeMil$W1$xVenegono$y1$m3F II 195 FA$j192993$B192993$CSeMilBibl$Z2$F203743 $8I 996 $6245$aTomo 3$9(OLS)http://semarc/title/53129